Compact city policies: Korea towards sustainable and inclusive growth

Guardado en:
Detalles Bibliográficos
Formato: Libro
Lenguaje:inglés
Publicado: Paris OECD 2014
Colección:OECD green growth studies
Materias:
Etiquetas: Agregar Etiqueta
Sin Etiquetas, Sea el primero en etiquetar este registro!

MARC

LEADER 00000nam a2200000 4500
001 0197648
005 20240315120448.8
020 |a 978-92-64-22549-7 
041 0 |a eng 
044 |a FR 
245 1 0 |a Compact city policies: Korea  |b towards sustainable and inclusive growth 
264 1 |a Paris  |b OECD  |c 2014 
300 |a 205 s. 
490 1 |a OECD green growth studies 
830 0 |a OECD green growth studies 
610 2 0 |a politika environmentálna 
610 2 0 |a politika ekologická 
610 2 0 |a rozvoj trvalo udržateľný 
610 2 0 |a mestá 
610 2 0 |a urbanizmus 
610 2 0 |a porovnanie medzinárodné 
610 2 0 |a Kórea